000 00405nam a2200157Ia 4500
008 231217s9999 xx 000 0 und d
041 _aEnglish
082 _a001.6403 MIC
100 _aMicrosoft Press
245 0 _aMicrosoft computer dictionary
250 _a5th ed.
260 _c2002
_bWashington : Microsoft Press,
300 _aix+637
650 _aMicrsoft,computer,dictionary
942 _cAA
999 _c169784
_d169784